000 00406nam a2200157Ia 4500
008 230524s9999 xx 000 0 und d
082 _a621.382
_bJAC
100 _aJ.Michael Jacob
245 0 _aApplications and Design with Analog Integrated Circuits
250 _a2ND
260 _aNEW DELHI
_bPHI
_c2005
300 _aVIII;568
500 _aQuantity Number: 3
650 _aElectronics
942 _cBK
999 _c36750
_d36750